000 00705nam a2200265 i 4500
001 C2-0263922
003 PPAK
005 20231213161529.0
008 050403s2005 my |||| ||||| | may d
020 _a9676117242
040 _aPPAK
_beng
_cPPAK
_erda
082 0 4 _a899.233
_223
090 0 0 _a899.233
_bNUR
_dG
100 0 _aNur Hazma,
_eauthor
245 1 0 _aSutera kasih
264 1 _aKuala Lumpur :
_bUtusan Publications ,
_c2005
300 _a813 pages ;
_c19 cm
336 _2rdacontent
_atext
337 _2rdamedia
_aunmediated
338 _2rdacarrier
_avolume
500 _a321
650 1 0 _aMalay fiction
942 _n1
942 _cB
_2ddc
_n1
999 _c73978
_d73978